| 000 | 01118nam a2200325 i 4500 | ||
|---|---|---|---|
| 003 | DO-SdBNP | ||
| 005 | 20241217093246.0 | ||
| 007 | ta | ||
| 008 | 240612s2024 dr r 000 p spa d | ||
| 020 | _a9789945938661 | ||
| 040 |
_aDO-SdBNP _bspa _cBNPHU _erda |
||
| 041 | _aspa | ||
| 082 | 4 |
_aRD861.5 _bE744r _222 |
|
| 100 | 1 |
_aEscarramán, Víctor _eautor _4aut. _935398 |
|
| 245 | 1 | 3 |
_aRuptura del tiempo : poemario ; _bAlas de agua / _cVictor Escarramán ; Marlene Escarramán Hernández |
| 246 | _aAlas de agua | ||
| 264 | 1 |
_aSanto Domingo : _bSoto Castillo, _c2024. |
|
| 300 |
_a59, 32 páginas ; _c23 cm. |
||
| 336 |
_atexto _btxt _2rdacontent |
||
| 337 |
_asin mediación _bn _2rdamedia |
||
| 338 |
_avolumen _bnc _2rdacarrier |
||
| 500 | _aDos obras publicadas juntas con paginación invertida | ||
| 501 | _aPublicado con: Alas de agua | ||
| 590 | _aInventariado, 2024/ DG | ||
| 650 | 7 |
_914357 _aPoesía dominicana _2LEMB |
|
| 650 | 7 |
_aLiteratura dominicana _2LEMB |
|
| 700 | 1 |
_aEscarramán Hernández, Marlene _eautora _4aut. _985642 |
|
| 910 | _aDG/Validado. Control de calidad MFF | ||
| 942 |
_2ddc _cLBS1 |
||
| 999 |
_c56820 _d56820 |
||